[Event "ch-Paris"]
[Site "Paris FRA"]
[Date "2000.07.20"]
[Round "6"]
[White "Berthelot,Y"]
[Black "Veron,C"]
[Result "0-1"]
[WhiteElo "2312"]
[BlackElo "2197"]

1.e4 c5 2.Nf3 d6 3.d4 cxd4 4.Nxd4 Nf6 5.Nc3 a6 6.f3 e5 7.Nb3 Be6 8.Be3 Be7
9.Qd2 Nbd7 10.g4 b5 11.a4 b4 12.Nd5 Bxd5 13.exd5 h6 14.a5 e4 15.O-O-O exf3
16.Qxb4 O-O 17.h3 Rb8 18.Qa3 Qc8 19.Nd4 Nxd5 20.Nf5 N7f6 21.Nxe7+ Nxe7 22.Rxd6 Ne4
23.Bxa6 Qc7 24.Rd4 Ng3 25.Rhd1 Rfc8 26.Bxc8 Ne2+ 27.Kb1 Nc3+ 28.Ka1 Nxd1
29.Rxd1 Rxc8 30.Rd2 Ra8 31.Bb6 Qf4 32.Rf2 Nd5 33.Qc5 Nxb6 34.Qxb6 Qa4+ 35.Kb1 Rxa5
36.Qd8+ Kh7 37.Qd3+ g6 38.c3 Re5 39.Rf1 f2 40.Qd2 Qe4+  0-1

[Event "WIPRO GM"]
[Site "Hyderabad IND"]
[Date "2000.07.23"]
[Round "8"]
[White "Sandipan,C"]
[Black "Prasad,D"]
[Result "1/2-1/2"]
[WhiteElo "2446"]
[BlackElo "2431"]

1.e4 c5 2.Nf3 d6 3.d4 cxd4 4.Nxd4 Nf6 5.Nc3 a6 6.f3 e6 7.Be3 Nc6 8.Qd2 Be7
9.g4 Nxd4 10.Qxd4 O-O 11.O-O-O Nd7 12.Kb1 b5 13.h4 Bb7 14.h5 h6 15.Qd2 b4
16.Ne2 d5 17.Nf4 Ne5 18.exd5 Nxf3 19.Qe2 Ng5 20.Bg2 Qb8 21.dxe6 Nxe6 22.Nxe6 fxe6
23.Rd7 Bxg2 24.Qxg2 Bf6 25.Rhd1 Qe5 26.Bd4 Qg5 27.Qc6 Rfe8 28.Bxf6 Qxf6 29.Qc4 a5
30.Qe2 Rf8 31.R7d6 Rae8 32.Ra6 Qg5 33.Rxe6 Rxe6 34.Qxe6+ Kh8 35.b3 Rf4 36.Qd7 Rxg4
37.a4 Rg1 38.Qe8+ Kh7 39.Qe4+ Kh8 40.Qe8+ Kh7 41.Qe4+ Kh8 42.Qe8+  1/2-1/2

[Event "Open"]
[Site "Dieren NED"]
[Date "2000.07.24"]
[Round "6"]
[White "Jens,J"]
[Black "Azadmanesh,M"]
[Result "1-0"]
[WhiteElo "2280"]
[BlackElo "2141"]

1.e4 c5 2.Nf3 d6 3.d4 cxd4 4.Nxd4 Nf6 5.Nc3 a6 6.f3 e6 7.Be3 Be7 8.Qd2 O-O
9.g4 b5 10.O-O-O Bb7 11.h4 Nc6 12.g5 Nd7 13.g6 hxg6 14.h5 g5 15.Nxc6 Bxc6
16.Rg1 Ne5 17.Be2 b4 18.Nb1 d5 19.Bxg5 Bxg5 20.Rxg5 f6 21.Rg3 dxe4 22.Qh6 Qc7
23.f4 Nf3 24.Bc4 Bd5 25.Rxd5 Ng5 26.Rdxg5 Qxf4+ 27.Nd2 fxg5 28.Rxg5 Rf7 29.Rxg7+  1-0

[Event "KB Czech Open"]
[Site "Pardubice CZE"]
[Date "2000.07.24"]
[Round "4"]
[White "Kristjansson,S"]
[Black "Likavsky,T"]
[Result "1-0"]
[WhiteElo "2281"]
[BlackElo "2409"]

1.e4 c5 2.Nf3 d6 3.d4 cxd4 4.Nxd4 Nf6 5.Nc3 a6 6.f3 e5 7.Nb3 Be6 8.Be3 Nbd7
9.Qd2 Rc8 10.g4 Nb6 11.O-O-O Qc7 12.h4 Nc4 13.Bxc4 Qxc4 14.Rh2 Be7 15.h5 h6
16.g5 hxg5 17.Bxg5 Rd8 18.h6 g6 19.Qe1 Nh5 20.Bxe7 Kxe7 21.Nd2 Qc5 22.Nf1 Rxh6
23.Ne3 Rhh8 24.Ned5+ Bxd5 25.Nxd5+ Kf8 26.Qh4 Kg7 27.Qg5 Rc8 28.Ne7 Rce8
29.Nf5+ Kg8 30.Nxd6 Nf4 31.Rxh8+  1-0

[Event "Open"]
[Site "Bergen NOR"]
[Date "2000.07.25"]
[Round "5"]
[White "Gabrielsen,S"]
[Black "Elsness,F"]
[Result "0-1"]
[WhiteElo "2305"]
[BlackElo "2383"]

1.e4 c5 2.Nf3 d6 3.d4 Nf6 4.Nc3 cxd4 5.Nxd4 a6 6.f3 e6 7.Be3 b5 8.Qd2 Nbd7
9.g4 Nb6 10.g5 Nfd7 11.O-O-O Bb7 12.h4 Rc8 13.h5 Ne5 14.f4 b4 15.fxe5 bxc3
16.bxc3 dxe5 17.Nxe6 Ba3+ 18.Kb1 Qxd2 19.Nxg7+ Kf8 20.Rxd2 Na4 21.Bh3 Rb8
22.Ba7 Kxg7  0-1

[Event "MTO Open"]
[Site "Biel SUI"]
[Date "2000.07.31"]
[Round "7"]
[White "Grabarska,B"]
[Black "Lappage,J"]
[Result "1-0"]
[WhiteElo "2318"]
[BlackElo "2114"]

1.e4 c5 2.Nf3 d6 3.d4 cxd4 4.Nxd4 Nf6 5.Nc3 a6 6.Be3 Ng4 7.Bc1 Nf6 8.f3 Qb6
9.Nb3 e6 10.Bd3 Be7 11.Qe2 O-O 12.Be3 Qc7 13.O-O b6 14.f4 Nbd7 15.Rae1 Bb7
16.Kh1 e5 17.Qf3 b5 18.Nd5 Nxd5 19.exd5 Nf6 20.fxe5 dxe5 21.Qh3 e4 22.Bf4 Bd6
23.Bxd6 Qxd6 24.Bxe4 Nxe4 25.Rxe4 Bxd5 26.Rh4 Qg6 27.Nd4 Rad8 28.Nf5 Rfe8
29.Rg4 Be6 30.Rxg6 fxg6 31.Re1 gxf5 32.Kg1 g6 33.Qa3 Bc4 34.Rxe8+ Rxe8 35.Qxa6 Re1+
36.Kf2 Re2+ 37.Kg3 Rxc2 38.Qc8+ Kg7 39.Qc7+ Kh6 40.b3 Rxa2 41.bxc4 Ra3+ 42.Kf2 Ra2+
43.Ke3 Ra3+ 44.Kd4 Ra4 45.Qf4+ Kg7 46.Qe5+  1-0

[Event "TCh-ESP"]
[Site "Barcelona ESP"]
[Date "2000.08.12"]
[Round "8"]
[White "Navarro Cia,M"]
[Black "Alcazar Jimenez,J"]
[Result "1/2-1/2"]
[WhiteElo "2307"]
[BlackElo "2188"]

1.e4 c5 2.Nc3 d6 3.Nge2 a6 4.d4 cxd4 5.Nxd4 Nf6 6.f3 e5 7.Nb3 Be6 8.Be3 b5
9.a4 b4 10.Nd5 Bxd5 11.exd5 Nbd7 12.a5 Be7 13.Bc4 Qc7 14.Nd2 O-O 15.O-O Nc5
16.Qe2 Nfd7 17.Nb3 Rfc8 18.Nxc5 Nxc5 19.b3 f5 20.Bd2 Qb7 21.Kh1 Bf6 22.Rad1 Bd8
23.Ra1 Bf6 24.Rad1 Rcb8 25.Qe1 g6 26.Rb1 Bd8 27.Ra1 Bf6 28.Rb1 Bd8 29.Ra1  1/2-1/2

[Event "Lost Boys Open"]
[Site "Amsterdam NED"]
[Date "2000.08.13"]
[Round "3"]
[White "Jens,J"]
[Black "Lahaye,R"]
[Result "1-0"]
[WhiteElo "2280"]
[BlackElo "2220"]

1.e4 c5 2.Nf3 d6 3.d4 cxd4 4.Nxd4 Nf6 5.Nc3 a6 6.f3 e5 7.Nb3 Be6 8.Be3 Nbd7
9.g4 h6 10.Qd2 b5 11.O-O-O Nb6 12.Qf2 Nfd7 13.Kb1 b4 14.Nd5 Bxd5 15.exd5 Na4
16.Bd3 Qc7 17.Qe2 Be7 18.Bxa6 O-O 19.h4 Ndb6 20.Bb5 Rfb8 21.g5 h5 22.Rhf1 Qa7
23.Bxa4 Qxa4 24.Nc1 Qa5 25.Bxb6 Rxb6 26.f4 g6 27.Qe4 Qa4 28.f5 b3 29.Qxa4 Rxa4
30.Nxb3 Rxh4 31.f6 Bd8 32.Nd2 Rb8 33.c3 Bb6 34.Rfe1 Rg4 35.Ne4 h4 36.Rd3  1-0

[Event "ECh-u20"]
[Site "Aviles ESP"]
[Date "2000.08.17"]
[Round "2"]
[White "Mastrovasilis,D"]
[Black "Navara,D"]
[Result "1/2-1/2"]
[WhiteElo "2386"]
[BlackElo "2433"]

1.e4 c5 2.Nf3 d6 3.d4 cxd4 4.Nxd4 Nf6 5.Nc3 a6 6.f3 e6 7.Be3 b5 8.Qd2 Bb7
9.g4 Nc6 10.O-O-O Ne5 11.Rg1 b4 12.Na4 d5 13.g5 Nfd7 14.exd5 Bxd5 15.f4 Nf3
16.Nxf3 Bxf3 17.Bg2 Bxd1 18.Rxd1 Rc8 19.Bb7 Be7 20.Qd4 Rc7 21.Qxg7 Rf8 22.Be4 Qb8
23.b3 Nc5 24.Bxc5 Bxc5 25.Qxh7 Rc8 26.Kb1 Qxf4 27.g6 Bd4 28.Bb7 Rb8 29.g7 Rxb7
30.g8=Q Rxg8 31.Qxg8+ Ke7 32.Qc8 Rd7 33.Qxa6 Qxh2 34.Qc4 Qd6 35.a3 e5 36.axb4 Rc7
37.Nc5 Ra7 38.c3 Qg6+ 39.Qd3 Bxc3 40.Qxg6 fxg6 41.b5 Bd4 42.b4 Bxc5 43.bxc5 Ra5
44.Kc2 Rxb5 45.Rd5 Ke6 46.Rd6+ Kf5 47.Rc6 g5 48.Kd3 g4 49.Rc8 Rb3+ 50.Kc4 Rb1
51.c6 g3 52.Rg8 Kf4 53.Rf8+ Ke4 54.Rg8 Rc1+ 55.Kb5 Rc3 56.Kb6 Kf3 57.Rf8+ Ke3
58.Rg8 Kf2 59.c7 g2 60.Rf8+ Ke1 61.Rg8 Rb3+ 62.Ka6 Rc3  1/2-1/2

[Event "Paul Keres mem"]
[Site "Tallinn EST"]
[Date "2000.08.17"]
[Round "4"]
[White "Rogovoi,M"]
[Black "Krupenski,Y"]
[Result "1-0"]
[WhiteElo "2252"]
[BlackElo "2247"]

1.e4 c5 2.Nf3 d6 3.d4 cxd4 4.Nxd4 Nf6 5.Nc3 a6 6.f3 e5 7.Nb3 Be6 8.Be3 Be7
9.Qd2 Qc7 10.g4 h6 11.O-O-O Nbd7 12.Kb1 b5 13.Qf2 Rb8 14.h4 Bc4 15.g5 hxg5
16.Bxc4 bxc4 17.hxg5 Rxh1 18.Rxh1 cxb3 19.axb3 Nf8 20.gxf6 Bxf6 21.Nd5 Qb7
22.Qd2 Kd7 23.Nb6+ Ke6 24.Qc3 Ke7 25.Rd1 Rd8 26.Qb4 Qc6 27.Rd5 Ne6 28.Nc4 g6
29.Nxe5 Bxe5 30.Rxe5 Rh8 31.Rd5 Rh1+ 32.Ka2 a5 33.Rxa5 Qxc2 34.Ra7+ Kf6 35.Qxd6 Qb1+
36.Ka3 Qe1 37.Bd4+ Kg5 38.Qe5+ Kh4 39.Rxf7 Ng5 40.Rf4+  1-0

[Event "ECh-u20"]
[Site "Aviles ESP"]
[Date "2000.08.18"]
[Round "3"]
[White "Reinaldo Castineira,R"]
[Black "Weber,T"]
[Result "1-0"]
[WhiteElo "2416"]
[BlackElo "2067"]

1.e4 c5 2.Nf3 d6 3.d4 cxd4 4.Nxd4 Nf6 5.Nc3 a6 6.f3 e6 7.Be3 Be7 8.Qd2 Qc7
9.O-O-O b5 10.g4 Nc6 11.g5 Nd7 12.h4 b4 13.Nxc6 Qxc6 14.Ne2 Rb8 15.Nd4 Qc7
16.h5 Nc5 17.b3 Bd7 18.Bc4 Bb5 19.Qe2 Bxc4 20.Qxc4 Rc8 21.g6 fxg6 22.hxg6 h6
23.Rd2 Kd7 24.e5 Qa5 25.Kb1 d5 26.Nxe6 Nd3 27.Qg4  1-0

[Event "ECh-u20"]
[Site "Aviles ESP"]
[Date "2000.08.20"]
[Round "5"]
[White "Sedlak,N"]
[Black "Navara,D"]
[Result "1/2-1/2"]
[WhiteElo "2423"]
[BlackElo "2433"]

1.e4 c5 2.Nf3 d6 3.d4 cxd4 4.Nxd4 Nf6 5.Nc3 a6 6.f3 e6 7.Be3 b5 8.Qd2 Bb7
9.a4 b4 10.Na2 d5 11.e5 Nfd7 12.f4 Nc5 13.Bd3 a5 14.O-O Nbd7 15.Nc1 Be7 16.Ncb3 O-O
17.Qe2 Nxb3 18.Nxb3 Qc7 19.Bd4 Nc5 20.Kh1 Ne4 21.Qe3 Qd7 22.Bb6 Bc6 23.Bxe4 dxe4
24.Rfd1 Bd5 25.c4 bxc3 26.bxc3 Rfb8 27.Nxa5 Bd8 28.Bxd8 Rxd8 29.Nc4 Rxa4
30.Nd6 Rda8 31.Rxa4 Qxa4 32.Rc1 Qa7 33.Qxa7 Rxa7 34.c4 Bc6 35.h4 e3 36.Rc2 Ra1+
37.Kh2 Rd1 38.Re2 Rd2 39.Rxe3 Rxg2+ 40.Kh3 Rf2 41.Kg3 Rg2+ 42.Kh3  1/2-1/2

[Event "ECh-u20"]
[Site "Aviles ESP"]
[Date "2000.08.21"]
[Round "6"]
[White "Navarro Cia,M"]
[Black "Moreno Tejera,E"]
[Result "1-0"]
[WhiteElo "2307"]
[BlackElo "2139"]

1.e4 c5 2.Nf3 d6 3.d4 cxd4 4.Nxd4 Nf6 5.Nc3 a6 6.f3 e6 7.Be3 b5 8.a4 b4 9.Na2 d5
10.e5 Nfd7 11.f4 Qc7 12.c3 bxc3 13.Nxc3 Bb4 14.Rc1 Nc5 15.Bd3 Bd7 16.O-O Nxd3
17.Nxd5 Qa5 18.Nc7+ Kd8 19.Qxd3  1-0

[Event "ECh-u20"]
[Site "Aviles ESP"]
[Date "2000.08.21"]
[Round "6"]
[White "Atakisi,U"]
[Black "Magalhaes,P"]
[Result "1-0"]
[WhiteElo "2258"]
[BlackElo "2131"]

1.e4 c5 2.Nf3 d6 3.d4 cxd4 4.Nxd4 Nf6 5.Nc3 a6 6.f3 e6 7.Be3 Be7 8.Qd2 b5
9.O-O-O Bb7 10.g4 Nc6 11.Nxc6 Bxc6 12.g5 Nd7 13.Kb1 O-O 14.h4 b4 15.Ne2 d5
16.Nd4 Bb7 17.Bh3 Ne5 18.Qe2 Nc4 19.Bc1 Qb6 20.f4 Rfc8 21.g6 hxg6 22.h5 dxe4
23.hxg6 Bf6 24.gxf7+ Kf8 25.Nxe6+ Kxf7 26.Ng5+ Kf8 27.Nh7+ Kg8 28.Nxf6+ Qxf6
29.Bxc8 Rxc8 30.Qh5 Qc6 31.Qh7+ Kf8 32.Qf5+ Kg8 33.Rd7  1-0

[Event "ch-ESP"]
[Site "Barcelona ESP"]
[Date "2000.08.21"]
[Round "4"]
[White "De la Riva Aguado,O"]
[Black "Perpinya Rofes,L"]
[Result "1-0"]
[WhiteElo "2462"]
[BlackElo "2342"]

1.e4 c5 2.Nf3 d6 3.d4 Nf6 4.Nc3 cxd4 5.Nxd4 a6 6.f3 e5 7.Nb3 Be6 8.Be3 Be7
9.Qd2 O-O 10.O-O-O b5 11.g4 b4 12.Nd5 Bxd5 13.exd5 a5 14.Kb1 a4 15.Nc1 Qa5
16.g5 Nh5 17.Rg1 Nd7 18.Rg4 Rfb8 19.Rc4 g6 20.Bh3 Nb6 21.Rxb4 Nf4 22.Rxb6 Rxb6
23.Qxa5 Rxa5 24.Bxb6 Ra6 25.Bd7 Rxb6 26.Bxa4 Bxg5 27.c4 f5 28.Bb5 e4 29.fxe4 fxe4
30.Re1 Nxd5 31.Rxe4 Nc7 32.a4 d5 33.Rg4 Bf6 34.Nd3 dxc4 35.Bxc4+ Kg7 36.b4 Bc3
37.Bb3 Na6 38.b5 Nc7 39.Rc4  1-0

[Event "ch-FRA Pool B"]
[Site "Vichy FRA"]
[Date "2000.08.23"]
[Round "6"]
[White "Apicella,M"]
[Black "Fressinet,L"]
[Result "1-0"]
[WhiteElo "2506"]
[BlackElo "2536"]

1.e4 c5 2.Nf3 d6 3.d4 cxd4 4.Nxd4 Nf6 5.Nc3 a6 6.f3 e5 7.Nb3 Be6 8.Be3 Nbd7
9.Qd2 b5 10.g4 Nb6 11.g5 Nfd7 12.Nd5 Rc8 13.h4 Bxd5 14.exd5 Be7 15.Na5 Nxd5
16.Nb7 Nxe3 17.Nxd8 Nxc2+ 18.Kd1 Nxa1 19.Nb7 O-O 20.Bh3 Rc2 21.Bxd7 Rxd2+
22.Kxd2 f6 23.Be6+ Kh8 24.g6 hxg6 25.h5 g5 26.Rxa1 f5 27.Ke2 Rf6 28.Bd5 Kh7
29.Rc1 Kh6 30.Rc7 Bf8 31.Nd8 Kxh5 32.Bf7+ Kh4 33.Ne6 g4 34.Nxf8 Kg3 35.fxg4 fxg4
36.Ne6 Rf2+ 37.Ke3 d5 38.Ng5 Rf5 39.Bxd5 Rxg5 40.Be4 Kh3 41.Rc1 g3 42.Rh1+ Kg4
43.b4  1-0

[Event "ch-ESP"]
[Site "Barcelona ESP"]
[Date "2000.08.24"]
[Round "6"]
[White "Torrecillas Martinez,A"]
[Black "Calaf Rellver,G"]
[Result "1-0"]
[WhiteElo "2379"]
[BlackElo "2233"]

1.e4 c5 2.Nf3 d6 3.d4 Nf6 4.Nc3 cxd4 5.Nxd4 a6 6.f3 e5 7.Nb3 Be6 8.Be3 Be7
9.Qd2 O-O 10.O-O-O b5 11.g4 b4 12.Nd5 Bxd5 13.exd5 a5 14.Kb1 Qc7 15.g5 Nfd7
16.h4 Nb6 17.f4 a4 18.Nc1 exf4 19.Bxf4 Rc8 20.Rh2 Na6 21.h5 b3 22.cxb3 axb3
23.Nxb3 Nc4 24.Qd4 Na5 25.h6 Bf8 26.Nxa5 Qxa5 27.Bxd6  1-0

[Event "ch-ESP"]
[Site "Barcelona ESP"]
[Date "2000.08.26"]
[Round "8"]
[White "Torrecillas Martinez,A"]
[Black "Tattersall,L"]
[Result "1/2-1/2"]
[WhiteElo "2379"]
[BlackElo "2258"]

1.e4 c5 2.Nf3 d6 3.d4 cxd4 4.Nxd4 Nf6 5.Nc3 a6 6.f3 e5 7.Nb3 Be6 8.Be3 Nbd7
9.Qd2 Rc8 10.g4 h6 11.O-O-O Qc7 12.Kb1 b5 13.h4 Nb6 14.Rg1 b4 15.Bxb6 Qxb6
16.Nd5 Nxd5 17.exd5 Bd7 18.Bd3 Be7 19.g5 h5 20.Nc1 a5 21.Ne2  1/2-1/2

[Event "Open"]
[Site "Abudhabi UAE"]
[Date "2000.08.27"]
[Round "2"]
[White "El Arousy,A"]
[Black "Magerramov,E"]
[Result "1/2-1/2"]
[WhiteElo "2363"]
[BlackElo "2568"]

1.e4 c5 2.Nf3 d6 3.d4 cxd4 4.Nxd4 Nf6 5.Nc3 a6 6.f3 e6 7.Be3 b5 8.Qd2 Bb7
9.g4 h6 10.a3 Nbd7 11.g5 hxg5 12.Bxg5 Rc8 13.O-O-O Qa5 14.Nb3 Qc7 15.Qe2 Ne5
16.f4 Nc4 17.Rd3 Be7 18.Bg2 Qb6 19.Bf3 e5 20.Nd2 exf4 21.Bxf4 Ne5 22.Bxe5 dxe5
23.Nd5 Bxd5 24.exd5 Bd6 25.h4 Kf8 26.Kb1 b4 27.axb4 Qxb4 28.h5 Qa4 29.Rb3 e4
30.Nxe4 Re8 31.Nc3 Qxb3 32.Qxe8+ Kxe8 33.cxb3  1/2-1/2

[Event "Open"]
[Site "Collado Villalba ESP"]
[Date "2000.08.29"]
[Round "7"]
[White "Garcia Luengo,L"]
[Black "Herrera,I"]
[Result "0-1"]
[WhiteElo "2221"]
[BlackElo "2467"]

1.e4 c5 2.Nf3 d6 3.d4 cxd4 4.Nxd4 Nf6 5.Nc3 a6 6.f3 e5 7.Nb3 Be6 8.Be3 Nbd7
9.Qd2 b5 10.a4 b4 11.Nd5 Bxd5 12.exd5 Nb6 13.Bxb6 Qxb6 14.a5 Qb7 15.Bc4 Be7
16.Ra4 Rb8 17.Qd3 Ra8 18.Qd2 Rb8 19.Qd3 O-O 20.Bxa6 Qa7 21.Bb5 Nh5 22.Rxb4 f5
23.Kd1 Bg5 24.g3 Be3 25.Re1 f4 26.g4 Nf6 27.a6 e4 28.Rxe4 Nxe4 29.fxe4 Qe7
30.Bc6 Rb4 31.e5 Qh4 32.e6 Qxg4+ 33.Qe2 f3 34.Qxe3 f2+ 35.Kd2 fxe1=Q+ 36.Qxe1 Re4
37.Qd1 Qf4+  0-1

[Event "ch-ISL KO"]
[Site "Kopavogur ISL"]
[Date "2000.08.29"]
[Round "3.3"]
[White "Kristjansson,S"]
[Black "Gunnarsson,J"]
[Result "0-1"]
[WhiteElo "2281"]
[BlackElo "2368"]

1.e4 c5 2.Nf3 d6 3.d4 cxd4 4.Nxd4 Nf6 5.Nc3 a6 6.f3 e6 7.Be3 Qc7 8.Qd2 Nc6
9.O-O-O Be7 10.g4 Nd7 11.f4 b5 12.Nxc6 Qxc6 13.Bg2 Bb7 14.Rhe1 Rc8 15.Kb1 Nb6
16.Qd4 Nc4 17.Qxg7 Rf8 18.Bd4 b4 19.Nd5 Na3+ 20.bxa3 Qxc2+ 21.Ka1 Qxg2 22.Nxb4 a5
23.Nd3 Bxe4 24.Nb2 Bf3 25.Rc1 Rxc1+ 26.Rxc1 Qd2 27.Rf1 e5 28.Bb6 Be2 29.Rg1 Qxf4
30.Qxh7 e4 31.Bd4 Kd7 32.g5 Rc8 33.Qh3+ Bg4 34.Qb3 Qc1+  0-1

[Event "chT-POL"]
[Site "Zakopane chT"]
[Date "2000.09.02"]
[Round "1"]
[White "Socko,B"]
[Black "Jakubowski,T"]
[Result "1-0"]
[WhiteElo "2528"]
[BlackElo "2311"]

1.e4 c5 2.Nf3 d6 3.d4 cxd4 4.Nxd4 Nf6 5.Nc3 a6 6.f3 e5 7.Nb3 Be6 8.Be3 Nbd7
9.g4 b5 10.g5 Nh5 11.Nd5 Bxd5 12.Qxd5 Be7 13.Bh3 Rc8 14.O-O-O O-O 15.Kb1 Qc7
16.Rd2 Rb8 17.Bxd7 Qxd7 18.Qxe5 Rfe8 19.h4 a5 20.Qh2 a4 21.Nd4 g6 22.Ne2 b4
23.Nf4 Bf8 24.Rhd1 b3 25.cxb3 axb3 26.a3 Rec8 27.Nd5 Qc6 28.Bd4 Rb5 29.Bc3 Rc5
30.Qf2 Re8 31.Qe3 h6 32.Bb4 Rxd5 33.Rxd5 Qc2+ 34.Ka1 Bg7 35.Rb1 Rc8 36.Rd3 Nf4
37.Rxb3 Ne2 38.Qd3 Nc1 39.Qxc2 Rxc2 40.Rxc1 Rxc1+ 41.Ka2 hxg5 42.hxg5 Rc6
43.Bc3  1-0

[Event "zt 1.1"]
[Site "Mondariz ESP"]
[Date "2000.09.04"]
[Round "2"]
[White "Lautier,J"]
[Black "Fressinet,L"]
[Result "1-0"]
[WhiteElo "2648"]
[BlackElo "2536"]

1.e4 c5 2.Nf3 d6 3.d4 cxd4 4.Nxd4 Nf6 5.Nc3 a6 6.f3 e5 7.Nb3 Be6 8.Be3 Nbd7
9.g4 b5 10.g5 Nh5 11.Nd5 Be7 12.Nxe7 Qxe7 13.Na5 Nc5 14.Qd2 Rc8 15.Rd1 Na4
16.c4 bxc4 17.Qb4 Nc5 18.Nxc4 Bxc4 19.Bxc4 O-O 20.O-O Kh8 21.Qd2 Rcd8 22.Kh1 Ne6
23.Bxa6 Nhf4 24.Bc4 Qxg5 25.a4 Qg6 26.a5 f5 27.Bd5 fxe4 28.Bxe4 Qh5 29.Bb6 Rd7
30.Bc6 Rdf7 31.a6 Nd4 32.Bxd4 exd4 33.Qxd4 Qg5 34.Qg1 Qa5 35.Ra1 Qc7 36.Bb7 d5
37.Ra3 Rf6 38.Rc1 Qd7 39.Qg4 Qb5 40.a7 h5 41.Qg1 Qxb7 42.a8=Q Rxa8 43.Rc7 Qxc7
44.Rxa8+ Kh7 45.Ra7 Qxa7 46.Qxa7 Re6 47.h4 Re2 48.Qd4 Ng6 49.b4 Ne5 50.Qxd5  1-0

[Event "chT-POL"]
[Site "Zakopane chT"]
[Date "2000.09.06"]
[Round "5"]
[White "Jakubowski,K"]
[Black "Praszak,M"]
[Result "1-0"]
[WhiteElo "2364"]
[BlackElo "2219"]

1.e4 c5 2.Nf3 d6 3.d4 cxd4 4.Nxd4 Nf6 5.Nc3 a6 6.f3 e6 7.Be3 Nbd7 8.g4 h6
9.Qd2 b5 10.O-O-O Bb7 11.Bd3 Nb6 12.h4 Nfd7 13.Kb1 Rc8 14.g5 Ne5 15.f4 Nec4
16.Qf2 Nxe3 17.Qxe3 Rxc3 18.bxc3 Na4 19.Be2 Qc7 20.Rh3 hxg5 21.fxg5 g6 22.Nxb5 Qc6
23.Qd4 axb5 24.Qxh8 e5 25.h5 Nxc3+ 26.Rxc3 Qxc3 27.Bxb5+ Bc6 28.Bxc6+ Qxc6
29.hxg6 fxg6 30.Qh3 Be7 31.a3 Kd8 32.Qh8+ Kd7 33.Qxe5 Ke8 34.Qe6 Qb5+ 35.Ka2 Qxg5
36.Rxd6 Qc5 37.Qg8+ Bf8 38.Qxg6+  1-0

[Event "zt 1.1"]
[Site "Mondariz ESP"]
[Date "2000.09.10"]
[Round "7"]
[White "De la Riva Aguado,O"]
[Black "Van Wely,L"]
[Result "0-1"]
[WhiteElo "2462"]
[BlackElo "2643"]

1.e4 c5 2.Nf3 d6 3.d4 cxd4 4.Nxd4 Nf6 5.Nc3 a6 6.f3 e6 7.Be3 b5 8.g4 h6 9.Qd2 Nbd7
10.O-O-O Bb7 11.h4 b4 12.Na4 Qa5 13.b3 Nc5 14.a3 Rc8 15.Qxb4 Qc7 16.Kb1 Nfd7
17.Nb2 d5 18.Qe1 dxe4 19.Bc4 e5 20.Nf5 g6 21.Ng3 exf3 22.h5 g5 23.Rf1 Bg7
24.Bd5 Bxd5 25.Rxd5 O-O 26.Bxc5 Nxc5 27.Ne4 Ne6 28.Rxf3 Qxc2+ 29.Ka2 Nd4
30.Rd3 Ne2 31.Qd1 Nc1+  0-1

[Event "WJun (Girls)"]
[Site "Yerevan ARM"]
[Date "2000.09.18"]
[Round "1"]
[White "Dvorakova,M"]
[Black "Aginian,N"]
[Result "0-1"]
[WhiteElo "2026"]
[BlackElo "2205"]

1.e4 c5 2.Nf3 d6 3.d4 cxd4 4.Nxd4 Nf6 5.Nc3 a6 6.f3 e5 7.Nb3 b5 8.Be3 Be6
9.Qd2 Nbd7 10.g4 Nb6 11.h4 Nc4 12.Bxc4 bxc4 13.Nc1 d5 14.exd5 Nxd5 15.N1e2 Nxe3
16.Qxe3 Qa5 17.O-O-O Be7 18.Nd5 Bxd5 19.Qxe5 Qxa2 20.Qxd5 O-O 21.Nc3 Qa1+
22.Nb1 Rab8 23.Qxc4 Qxb2+ 24.Kd2 Rbc8 25.Qe4 Rxc2+ 26.Ke1 Bb4+  0-1

[Event "XVI ECC"]
[Site "Neum BIH"]
[Date "2000.09.25"]
[Round "2"]
[White "Stojanovski,D"]
[Black "Mertanen,J"]
[Result "1-0"]
[WhiteElo "2324"]
[BlackElo "2169"]

1.e4 c5 2.Nf3 d6 3.d4 cxd4 4.Nxd4 Nf6 5.Nc3 a6 6.f3 e6 7.Be3 Nbd7 8.g4 h6
9.Qd2 b5 10.O-O-O Bb7 11.h4 b4 12.Na4 Qa5 13.b3 Nc5 14.a3 Rc8 15.axb4 Nxb3+
16.Nxb3 Qxa4 17.Kb2 d5 18.Nc5 Bxc5 19.Bxc5 dxe4 20.b5 Nd5 21.Ra1 e3 22.Qh2 Qf4
23.Qxf4 Nxf4 24.bxa6 Bxf3 25.Bb5+ Kd8 26.Bb6+ Ke7 27.Rhf1 Rb8 28.Bc5+ Kd8
29.c4 Nd3+ 30.Kc3 Nxc5 31.Rxf3 Ne4+ 32.Kd4 Nd6 33.a7 Ra8 34.Bc6 Kc7 35.Bxa8 Rxa8
36.Rxe3 h5 37.c5 Nb5+ 38.Kc4 Rxa7 39.Rxa7+ Nxa7 40.gxh5 Nc6 41.Rg3 g6 42.h6  1-0

[Event "WJun (Girls)"]
[Site "Yerevan ARM"]
[Date "2000.10.01"]
[Round "12"]
[White "Radziewicz,I"]
[Black "Khukhashvili,S"]
[Result "0-1"]
[WhiteElo "2379"]
[BlackElo "2272"]

1.e4 c5 2.Nf3 d6 3.d4 cxd4 4.Nxd4 Nf6 5.Nc3 a6 6.f3 e5 7.Nb3 Be6 8.Be3 Nbd7
9.Qd2 Rc8 10.O-O-O b5 11.Kb1 Be7 12.g4 Nb6 13.Qf2 Nfd7 14.Nd5 Bxd5 15.exd5 Bh4
16.Qg2 Bg5 17.f4 Bxf4 18.Bxf4 exf4 19.Nd4 O-O 20.Bd3 Ne5 21.Be4 Nbc4 22.Rdf1 Qg5
23.Bf5 f3 24.Qh3 g6 25.Bxc8 Rxc8 26.Ka1 Qd2 27.g5 Rc7 28.Rd1 Qb4 29.Nb3 Nxb2
30.c3 Qa3 31.Rd2 Nbc4 32.Rf2 Na5 33.Nxa5 Qxc3+ 34.Kb1 Nd3 35.Qf1 Nxf2 36.Qxf2 Qxa5
37.Qxf3 Qb4+ 38.Ka1 Qd4+ 39.Kb1 Rc4 40.Rf1 Rb4+ 41.Kc1 Qb2+ 42.Kd1 Rd4+ 43.Ke1 Qd2+  0-1

[Event "EuYCh B18"]
[Site "Halkidiki GRE"]
[Date "2000.10.05"]
[Round "4"]
[White "Mastrovasilis,D"]
[Black "Sedlak,N"]
[Result "1/2-1/2"]
[WhiteElo "2386"]
[BlackElo "2423"]

1.e4 c5 2.Nf3 d6 3.d4 cxd4 4.Nxd4 Nf6 5.Nc3 a6 6.f3 e6 7.Be3 b5 8.Qd2 Nbd7
9.g4 h6 10.O-O-O Bb7 11.h4 b4 12.Na4 Qa5 13.b3 Nc5 14.a3 Rc8 15.Qxb4 Qc7
16.Kb1 Nfd7 17.Nb2 d5 18.Qd2 Ne5 19.exd5 Nxf3 20.Nxf3 Ne4 21.Qd3 Nc3+ 22.Kc1 Nxd1
23.Nxd1 Bxa3+ 24.Kb1 Bxd5 25.Rh3 O-O 26.c4 Ba8 27.Ng5 hxg5 28.hxg5 f5 29.gxf6 Rxf6
30.Qh7+ Kf7 31.Bd3 Qe5 32.g5 Rf5 33.g6+ Ke7 34.Qh4+ Kd7 35.Bd4 Qd6 36.Bxf5 exf5
37.Nc3 Be4+ 38.Nxe4 Qxd4 39.Nc3 Qxh4 40.Rxh4 Ke6 41.Nd5 Bd6 42.Kc2 Rf8 43.Kd3 f4
44.Ke2 Kf5 45.Kf3 Kxg6 46.Nxf4+ Kf5 47.Rh5+ g5  1/2-1/2

[Event "ch-USA Women"]
[Site "Seattle USA"]
[Date "2000.10.05"]
[Round "9"]
[White "Epstein,E"]
[Black "Baginskaite,C"]
[Result "0-1"]
[WhiteElo "2224"]
[BlackElo "2287"]

1.e4 c5 2.Nf3 d6 3.d4 cxd4 4.Nxd4 Nf6 5.Nc3 a6 6.f3 e5 7.Nb3 Be6 8.Be3 h5
9.Qd2 Nbd7 10.a4 Rc8 11.a5 Qc7 12.Be2 Be7 13.O-O O-O 14.Rfd1 Rfd8 15.Nc1 d5
16.exd5 Nf8 17.Bb6 Bc5+ 18.Kh1 Bxb6 19.axb6 Qxb6 20.Na4 Qc7 21.c4 b5 22.d6 Qb7
23.cxb5 axb5 24.Nc3 Bc4 25.b3 Bxe2 26.N1xe2 Rc6 27.Nd5 Rdxd6 28.Nxf6+ Rxf6
29.Ng3 h4 30.Ne4 Rg6 31.Qd8 Rc8 32.Qxh4 Ra6 33.Rxa6 Qxa6 34.Ng3 Qd6 35.Re1 Qd4
36.Qe4 Qxe4 37.Nxe4 Ne6 38.h4 Nd4 39.Nd6 Rc6 40.Nb7 f6 41.b4 Rc4 42.Rb1 Nf5
43.h5 Kh7 44.g4 Nd4 45.Nd6 Rc2 46.Rf1 Rb2 47.g5 fxg5 48.Nf7 Rxb4 49.Nxg5+ Kh6
50.Nf7+ Kxh5 51.Nxe5 Rb2 52.Rg1 g5 53.Rg3 Nf5 54.Rh3+ Nh4 55.Kg1 b4 56.Kf1 b3
57.Ke1 Rg2 58.Nd3 b2 59.Nxb2 Rxb2 60.Kf1 Rb3 61.Ke2 Kg6  0-1

[Event "3rd Int"]
[Site "Torshavn FAI"]
[Date "2000.10.06"]
[Round "1"]
[White "Grischuk,A"]
[Black "Krush,I"]
[Result "1-0"]
[WhiteElo "2606"]
[BlackElo "2354"]

1.e4 c5 2.Nf3 d6 3.d4 cxd4 4.Nxd4 Nf6 5.Nc3 a6 6.f3 Qb6 7.Nb3 e6 8.Qe2 Nc6
9.Be3 Qc7 10.g4 h6 11.O-O-O b5 12.h4 Bb7 13.Rg1 Ne5 14.g5 hxg5 15.hxg5 Nfd7
16.f4 Nc4 17.Bd4 e5 18.Nd5 Bxd5 19.exd5 O-O-O 20.fxe5 dxe5 21.Bf2 f5 22.gxf6 gxf6
23.Qf3 f5 24.Rg6 Bd6 25.Bxc4 bxc4 26.Nd2 c3 27.Nc4 Qxc4 28.Rxd6 cxb2+ 29.Kb1 e4
30.Qf4 Nb8 31.Qxf5+ Kb7 32.Qf7+ Kc8 33.Rb6 Qc7 34.Qe6+ Qd7 35.Bg3  1-0

[Event "Cup Rectora"]
[Site "Kharkov UKR"]
[Date "2000.10.09"]
[Round "9"]
[White "Sharapov,E"]
[Black "Popov,Val"]
[Result "0-1"]
[WhiteElo "2414"]
[BlackElo "2557"]

1.e4 c5 2.Nf3 d6 3.d4 Nf6 4.Nc3 cxd4 5.Nxd4 a6 6.f3 Qb6 7.Nb3 e6 8.Qe2 Nbd7
9.Be3 Qc7 10.g4 h6 11.a4 b6 12.h4 Bb7 13.Rg1 g6 14.g5 hxg5 15.hxg5 Nh5 16.Nd4 Rc8
17.O-O-O Nc5 18.Kb1 Qd7 19.Nb3 Bg7 20.Bd4 Bxd4 21.Rxd4 Ke7 22.Qd2 e5 23.Rb4 Qc7
24.a5 b5 25.Bxb5 Nxb3 26.Rxb3 axb5 27.Nxb5 Qc5 28.Qxd6+ Qxd6 29.Nxd6 Kxd6
30.Rxb7 Kc6 31.Rb6+ Kc7 32.c3 Nf4 33.Rd1 Rh2 34.Rdd6 Ne6 35.a6 Nd8 36.a7 Rh8
37.Ra6 Ra8 38.Rd5 Re8 39.Rad6 Nc6 40.Rd7+ Kb6 41.Rxf7 Re6 42.Rdd7 Rxa7 43.Rxa7 Nxa7
44.Rf6 Rc6 45.Kc2 Nb5 46.Kd3 Kc7 47.f4 exf4 48.Rxf4 Rc5 49.Rf7+ Kd8 50.c4 Nd6
51.Rf6 Ke7 52.Rxg6 Nxc4 53.Kd4 Rc8 54.b3 Nd2 55.Kd5 Nxb3 56.Rg7+ Kf8 57.Ra7 Rc5+
58.Ke6 Nd4+ 59.Kf6 Rc6+ 60.Ke5 Nb5 61.Rd7 Ra6 62.Kf4 Ke8 63.Rh7 Nd4 64.Ke5 Nc6+
65.Kf4  0-1

[Event "chT-SLO"]
[Site "Bled SLO"]
[Date "2000.10.14"]
[Round "1"]
[White "Guid,M"]
[Black "Podkriznik,G"]
[Result "1/2-1/2"]
[WhiteElo "2181"]
[BlackElo "2341"]

1.e4 c5 2.Nf3 d6 3.d4 cxd4 4.Nxd4 Nf6 5.Nc3 a6 6.f3 e6 7.Be3 b5 8.Qd2 Nbd7
9.g4 Nb6 10.a4 bxa4 11.Nxa4 Nxa4 12.Rxa4 Nd7 13.Qa5 Qxa5+ 14.Rxa5 d5 15.Kf2 dxe4
16.fxe4 Bb7 17.Bd3 Bb4 18.Ra4 Bd6 19.Nb3 Ne5 20.h3 Bc6 21.Ra2 Nxd3+ 22.cxd3 O-O
23.Rc1 Bb5 24.Bc5 Bxc5+ 25.Nxc5 Rfd8 26.Ke3 e5 27.b4 h6 28.Kd2 Rd6 29.Rf1 f6
30.Kc3 Rc8 31.Rf3 Kf7 32.h4 Ke7 33.Kb3 Re8 34.Rd2 Rc8 35.g5 hxg5 36.hxg5 Rh8
37.Rg2 Rh7 38.Rfg3 Be8 39.gxf6+ gxf6 40.Rg7+ Rxg7 41.Rxg7+ Kf8 42.Ra7 Bb5
43.Kc3 Ke8 44.Kd2 Kf8 45.Ke2 Ke8 46.Ke3 Kf8 47.Rh7 Ke8  1/2-1/2